Language Quiz

Random Language or Letter Quiz

'App' Words Quiz Stats

 Plays Quiz Updated Jan 15, 2016

Challenge
Share
Tweet
Embed
Score 0/20 Timer 06:00
1 Play Today
Description Answer % Correct
Inspiration for Sir Isaac NewtonApple
94.5%
To come into viewAppear
93.9%
Compliment by clapping your hands togetherApplaud
93.2%
Small dish served before the main mealAppetizer
90.3%
What some losers in court doAppeal
90.3%
A machine used in the house (e.g. a dishwasher)Appliance
86.8%
A physical desire for foodAppetite
86.2%
To arrest someone for a crimeApprehend
82.5%
Be grateful forAppreciate
79.7%
Move towardsApproach
78.9%
Description Answer % Correct
Personal attire, clothingApparel
78.7%
Person learning a new tradeApprentice
77.6%
Easily infected part of the large intestineAppendix
77.1%
Range containing the Blue Ridge Mountains, i.a.Appalachians
75.9%
Agreement to meet up at a particular timeAppointment
74.9%
The act of putting to useApplication
73.5%
Make something less painful or troublingAppease
72.6%
To give an official opinion about something's valueAppraise
72.3%
Nearly correct or exactApproximate
72%
To officially condoneApprove
54.5%

You're not logged in!

Compare scores with friends on all Sporcle quizzes.
OR
Log In

You Might Also Like...

Show Comments

Extras

Top Quizzes Today


Score Distribution

Your Account Isn't Verified!

In order to create a playlist on Sporcle, you need to verify the email address you used during registration. Go to your Sporcle Settings to finish the process.

Report this User

Report this user for behavior that violates our Community Guidelines.

Details: